30 Years of Freedom in CEE: Various Paths and Destinations
Rozdelenie sveta v minulom storočí na prvý (kapitalistický) svet a druhý (komunistický) svet. Zrútenie komunistického bloku v roku 1989 - hlavne z ekonomických dôvodov. Európske post-sovietske krajiny, a ďalšie bývalé sovietske krajiny na území ázijského kontinentu. Transformácia úplným prepracovaní...
Salvato in:
| Autore principale: | |
|---|---|
| Natura: | Capitolo di libro |
| Lingua: | inglese |
| Soggetti: | |
| Tags: |
Nessun Tag, puoi essere il primo ad aggiungerne!!
|
MARC
| LEADER | 00000naa a2200000 4500 | ||
|---|---|---|---|
| 001 | 0259201 | ||
| 005 | 20191025125903.6 | ||
| 041 | 0 | |a eng | |
| 044 | |a PL | ||
| 245 | 1 | 0 | |a 30 Years of Freedom in CEE: Various Paths and Destinations |c Tomasz Kasprowicz |
| 520 | |a Rozdelenie sveta v minulom storočí na prvý (kapitalistický) svet a druhý (komunistický) svet. Zrútenie komunistického bloku v roku 1989 - hlavne z ekonomických dôvodov. Európske post-sovietske krajiny, a ďalšie bývalé sovietske krajiny na území ázijského kontinentu. Transformácia úplným prepracovaním politiky, ekonómie a mentality. Prípady Poľska, Bulharska, Rumunska alebo Maďarska a Československa, neskôr Česka a Slovenska. | ||
| 610 | 2 | 0 | |a Európa |
| 610 | 2 | 0 | |a komunizmus |
| 610 | 2 | 0 | |a kapitalizmus |
| 610 | 2 | 0 | |a situácia politická |
| 610 | 2 | 0 | |a situácia sociálna |
| 610 | 2 | 0 | |a ekonomika verejná |
| 610 | 2 | 0 | |a Česko |
| 610 | 2 | 0 | |a Československo |
| 610 | 2 | 0 | |a Slovensko |
| 610 | 2 | 0 | |a Maďarsko |
| 610 | 2 | 0 | |a Poľsko |
| 610 | 2 | 0 | |a Rumunsko |
| 100 | 1 | |a Kasprowicz, Tomasz | |